000 00327nam a2200169Ia 4500
100 _aMessier/Ric
650 _aLinux
942 _cBK
366 _f20
654 _alinux
245 _aLearning Kali Linux:Security testing
260 _bSPD
_c2018
082 _bMES
300 _a383
546 _aENGLISH
999 _c22874
_d22874